[Event "Challenge"]
[Site "http://www.queenalice.com/game.php?id=1800513"]
[Date "2022.11.23"]
[Round "-"]
[White "Reflejo17"]
[Black "limonajar"]
[Result "0-1"]
[WhiteElo "1146"]
[BlackElo "1724"]

1. e3 e5 2. c3 d5 3. d4 exd4 4. exd4 g6 5. Qe2+ Qe7 6. f4 Nf6 7. g4 Bxg4 8. Qe5
Nc6 9. Qe3 Bh6 10. Bh3 Qxe3+ 11. Bxe3 Bxh3 12. Nxh3 Ne7 13. O-O Nf5 14. Nd2 O-O
15. c4 Nxe3 16. Rf3 Nc2 17. Rc1 Nxd4 18. Rd3 Ne2+ 19. Kf1 Nxc1 20. Re3 Rfe8 21.
Nb3 Rxe3 22. Nxc1 Rxh3 23. Ne2 d4 24. Nxd4 Rxh2 25. Kg1 Rxb2 26. a3 Re8 27. Nf3
Ree2 28. Kf1 Rec2 29. Ne1 Rh2 30. Kg1 Bxf4 31. Nf3 Rb1+ 32. Ne1 Rxe1# 0-1

[Event "Challenge"]
[Site "http://www.queenalice.com/game.php?id=1800514"]
[Date "2022.11.23"]
[Round "-"]
[White "limonajar"]
[Black "Reflejo17"]
[Result "1-0"]
[WhiteElo "1726"]
[BlackElo "1144"]

1. e4 e6 2. d4 c6 3. Nc3 d5 4. exd5 cxd5 5. Bb5+ Bd7 6. Qe2 a6 7. Ba4 b5 8. Bb3
a5 9. Nxb5 Bxb5 10. Qxb5+ Qd7 11. Qxd7+ Nxd7 12. Ba4 Rb8 13. b3 h6 14. Bd2 Bb4
15. Nf3 g5 16. Ne5 Nf6 17. Nc6 Rc8 18. Bxb4 axb4 19. Nxb4 Rxc2 20. Nxc2 Ne4 21.
O-O O-O 22. Bxd7 f5 23. Bxe6+ Kg7 24. Bxd5 Nd2 25. Rfd1 f4 26. Rxd2 g4 27. Re1
g3 28. h3 gxf2+ 29. Kxf2 f3 30. Bxf3 h5 31. Re6 Rf6 32. Rde2 Kf7 33. Kg3 Rxe6
34. a4 Kf6 35. Rxe6+ Kxe6 36. a5 Kf6 37. a6 Kg5 38. h4+ Kg6 39. Kf4 Kg7 40. Kf5
Kh6 41. Kf6 Kh7 42. Kf7 Kh8 43. a7 Kh7 44. a8=Q Kh6 45. Qh8# 1-0

[Event "Challenge"]
[Site "http://www.queenalice.com/game.php?id=1803391"]
[Date "2023.1.6"]
[Round "-"]
[White "Reflejo17"]
[Black "Bomboche"]
[Result "0-1"]
[WhiteElo "1160"]
[BlackElo "1200"]

1. d4 d5 2. f3 Nf6 3. a4 e6 4. c3 Nc6 5. b4 e5 6. dxe5 Nh5 7. b5 Nxe5 8. g4 Ng3
9. hxg3 Be6 10. f4 Nxg4 11. Rh5 d4 12. cxd4 Bb4+ 13. Nd2 Qxd4 14. Ra2 O-O 15.
Nf3 Qf2# 0-1

[Event "Va de nuez"]
[Site "http://www.queenalice.com/game.php?id=1811643"]
[Date "2023.5.10"]
[Round "-"]
[White "limonajar"]
[Black "Reflejo17"]
[Result "1-0"]
[WhiteElo "1728"]
[BlackElo "1138"]

1. e4 e6 2. e5 Ne7 3. d4 Nbc6 4. Nf3 d5 5. exd6 cxd6 6. Bf4 e5 7. dxe5 Nxe5 8.
Nxe5 dxe5 9. Qxd8+ Kxd8 10. Bxe5 Nd5 11. Bc4 Bb4+ 12. c3 Bc5 13. Bxd5 f6 14. Bd4
Bd6 15. Nd2 Bf5 16. O-O Re8 17. b4 Rc8 18. Bxa7 Rxc3 19. b5 g5 20. Ne4 Rxe4 21.
Bxe4 Bxe4 22. Bd4 h5 23. Bxc3 f5 24. Rad1 Kd7 25. Be5 f4 26. Bxd6 f3 27. gxf3
Bxf3 28. Bg3+ Bxd1 29. Rxd1+ Ke7 30. a4 h4 31. Bxh4 gxh4 32. f4 b6 33. f5 h3 34.
Rd5 Kf6 35. Kf2 Kg5 36. Kf3 Kh5 37. f6+ Kg6 38. Re5 Kxf6 39. Kf4 Kg6 40. Rf5 Kg7
41. Kg5 Kh7 42. Rf7+ Kg8 43. Kg6 Kh8 44. Rf8# 1-0

[Event "Challenge"]
[Site "http://www.queenalice.com/game.php?id=1811872"]
[Date "2023.5.13"]
[Round "-"]
[White "Reflejo17"]
[Black "limonajar"]
[Result "0-1"]
[WhiteElo "1134"]
[BlackElo "1732"]

1. e3 e5 2. Ne2 d5 3. Nbc3 d4 4. exd4 exd4 5. Nxd4 Qxd4 6. a4 Bc5 7. Qf3 Nf6 8.
Bb5+ Bd7 9. O-O O-O 10. Ne4 Nxe4 11. c3 Qd5 12. d4 Be7 13. Re1 Bf5 14. Be3 c6
15. c4 Qe6 16. d5 cxd5 17. c5 Nd7 18. Rac1 Ndxc5 19. b4 Nd3 20. g4 Bxg4 21. Qg2
Bxb4 22. h3 Bxe1 23. Bxd3 Bxh3 24. Qf3 Qg6+ 25. Kh2 Ng5 26. Qxd5 Be6 27. Qxg5
Qxg5 28. Bxg5 Bxf2 29. Rf1 Bd4 30. a5 Rac8 31. Rf4 Be5 32. a6 Bxf4+ 33. Bxf4
bxa6 34. Kg3 Rc5 35. Bxa6 Rd8 36. Kf3 Rf5 37. Bd3 Rd4 38. Bxf5 Bxf5 39. Ke3 Rxf4
40. Kxf4 a5 41. Ke3 h5 42. Kf4 g6 43. Kg5 a4 44. Kh6 h4 45. Kg5 h3 46. Kf4 h2
47. Ke3 a3 48. Kd2 a2 49. Kc1 a1=Q+ 50. Kd2 Qa3 51. Kd1 Qa2 52. Ke1 h1=Q# 0-1

[Event "Ventaja de alfil negro. "]
[Site "http://www.queenalice.com/game.php?id=1822280"]
[Date "2023.10.4"]
[Round "-"]
[White "limonajar"]
[Black "Reflejo17"]
[Result "1-0"]
[WhiteElo "1730"]
[BlackElo "1136"]

1. e4 e6 2. d4 c6 3. Bh6 gxh6 4. Nc3 Nf6 5. Nf3 b5 6. Bd3 Rg8 7. Nh4 Nh5 8. Qxh5
Rg5 9. Qf3 f5 10. exf5 exf5 11. Nxf5 Bb4 12. Nxh6 Qb6 13. Qe3+ Kf8 14. Qxg5 Qxd4
15. O-O Bb7 16. Rfe1 Na6 17. Qg8# 1-0

[Event "Ventaja de alfil blanco. "]
[Site "http://www.queenalice.com/game.php?id=1822281"]
[Date "2023.10.4"]
[Round "-"]
[White "Reflejo17"]
[Black "limonajar"]
[Result "0-1"]
[WhiteElo "1126"]
[BlackElo "1740"]

1. e3 d5 2. g4 Bxg4 3. Qxg4 Nf6 4. Qg5 Nc6 5. Bh3 e5 6. Nf3 Ne4 7. Qf5 Bc5 8. d4
exd4 9. Rg1 Qf6 10. Qd7+ Kf8 11. Ne5 Qxe5 12. Qg4 Re8 13. Nd2 Re6 14. Qxg7+ Qxg7
15. Rxg7 Kxg7 16. Bxe6 fxe6 17. f3 dxe3 18. Nb3 Ng5 19. Nxc5 Rf8 20. Bxe3 Nxf3+
21. Kf2 Nxh2+ 22. Ke2 b6 23. Nxe6+ Kf7 24. Rf1+ Nxf1 25. Kxf1 Kxe6+ 26. Ke2 Ke5
27. c3 d4 28. cxd4+ Nxd4+ 29. Kd3 Rf3 30. b4 c5 31. bxc5 bxc5 32. a4 c4+ 33.
Kxc4 Rxe3 34. a5 Ne6 35. a6 Re4+ 36. Kb5 Kd6 37. Ka5 Re5+ 38. Ka4 Kc5 39. Ka5
Kc6+ 40. Kb4 Rc5 41. Kb3 Kb5 42. Ka3 Rc3+ 43. Kb2 Kb4 44. Ka2 Rc2+ 45. Kb1 Kb3
46. Ka1 Rc1# 0-1

[Event "APODERARSE DEL CENTRO. "]
[Site "http://www.queenalice.com/game.php?id=1823822"]
[Date "2023.10.24"]
[Round "-"]
[White "Reflejo17"]
[Black "limonajar"]
[Result "0-1"]
[WhiteElo "1132"]
[BlackElo "1734"]

1. e3 e5 2. c3 d5 3. b4 g6 4. g3 Bg7 5. Na3 Nc6 6. Nf3 Nf6 7. d4 exd4 8. Qxd4
Bg4 9. Ne5 O-O 10. Nxg4 Nxd4 11. exd4 Nxg4 12. Be2 Re8 13. O-O Rxe2 14. Nb5 Qe7
15. Bf4 Qe4 16. f3 Qc2 17. fxg4 Rxh2 18. Nxc7 Qg2# 0-1

[Event "Ventaja de alfil negro. "]
[Site "http://www.queenalice.com/game.php?id=1826861"]
[Date "2023.12.10"]
[Round "-"]
[White "Reflejo17"]
[Black "limonajar"]
[Result "0-1"]
[WhiteElo "1122"]
[BlackElo "1744"]

1. e3 e5 2. Nf3 Nc6 3. c3 Ba3 4. Nxa3 d5 5. Qb3 b6 6. c4 dxc4 7. Nxc4 e4 8. Nfe5
Nxe5 9. d4 exd3 10. Nxe5 Be6 11. Qb5+ Bd7 12. Bxd3 Nf6 13. Qxd7+ Qxd7 14. Nxd7
Nxd7 15. b4 O-O 16. O-O Nf6 17. e4 Rad8 18. Bc4 Nxe4 19. Bb2 Nd2 20. Rfc1 Rfe8
21. f4 Rd4 22. Bxd4 Re4 23. Re1 Kf8 24. Rxe4 Nxe4 25. Re1 f5 26. g4 Nd2 27. Bb5
Nf3+ 28. Kf2 Nxd4 29. Re8+ Kf7 30. gxf5 Nxb5 31. h4 Kxe8 32. a3 c5 33. bxc5 Nxa3
34. cxb6 axb6 35. f6 gxf6 36. h5 Kd7 37. Kg3 b5 38. Kg4 b4 39. Kf5 b3 40. Kxf6
b2 41. Kg7 b1=Q 42. h6 Qf5 43. Kh8 Qf8+ 44. Kxh7 Qf6 45. f5 Ke8 46. Kg8 Qf8+ 47.
Kh7 Qxf5+ 48. Kh8 Kf8 49. h7 Qf6# 0-1